MARC details
| 000 -CABECERA |
| campo de control de longitud fija |
02485nam a2200265 4500 |
| 005 - FECHA Y HORA DE LA ÚLTIMA TRANSACCIÓN |
| campo de control |
20240924070223.0 |
| 008 - ELEMENTOS DE LONGITUD FIJA--INFORMACIÓN GENERAL |
| campo de control de longitud fija |
231107c2023 uy|fr|p|o|||| 00| 0 spa d |
| 040 ## - FUENTE DE LA CATALOGACIÓN |
| Centro catalogador/agencia de origen |
UPN |
| Lengua de catalogación |
spa |
| Centro/agencia transcriptor |
UPN |
| Normas de descripción |
aacr2 |
| 100 1# - ASIENTO PRINCIPAL--NOMBRE PERSONAL |
| 9 (RLIN) |
50558 |
| Nombre de persona |
Reynoso González, Oscar Ulises |
| 100 1# - ASIENTO PRINCIPAL--NOMBRE PERSONAL |
| 9 (RLIN) |
41947 |
| Nombre de persona |
Ibarra Aguirre, Enrique |
| 100 1# - ASIENTO PRINCIPAL--NOMBRE PERSONAL |
| 9 (RLIN) |
50559 |
| Nombre de persona |
Portillo Peñuelas, Samuel Alejandro |
| 245 1# - MENCIÓN DE TÍTULO |
| Título |
Autoconcepto, ajuste escolar y cansancio emocional en estudiantes que realizan estudios de bachillerato en línea |
| Medio |
[recurso electrónico en línea] |
| 506 0# - NOTA DE RESTRICCIONES AL ACCESO |
| Limitaciones de acceso |
Acceso abierto |
| 520 3# - NOTA DE RESUMEN, ETC. |
| Sumario, etc. |
El objetivo del trabajo es describir el comportamiento del autoconcepto, ajuste escolar y cansancio escolar en una muestra de estudiantes que realizan estudios de bachillerato en línea en México; identificar diferencias en función del sexo, analizar sus relaciones y generar un modelo predictivo. Es un trabajo cuantitativo, de tipo observacional y diseño transversal predictivo. Participan 578 estudiantes de los 32 estados de la república mexicana. Se utilizó un cuestionario sociodemográfico, la escala de Autoconcepto AF5, la Escala Breve de Ajuste Escolar y la de Cansancio Emocional. Los hallazgos muestran que el autoconcepto emocional, social y físico presentan los más bajos puntajes. Los hombres logran puntuaciones más altas que las mujeres en todas las dimensiones del autoconcepto, mayormente en la emocional. El total de los participantes mostraron niveles adecuados de ajuste escolar, tanto en el total como en todos sus factores. En el cansancio emocional, las mujeres manifestaron niveles ligeramente superiores que los hombres. La asociación entre el autoconcepto y el ajuste escolar fue de tipo positiva; mientras que la relación de ambas con el cansancio emocional fue de tipo negativa. Se sugiere profundizar en las variables de estudio e incorporar en el análisis el factor evolutivo del autoconcepto, más allá del contexto educativo. |
| 650 #4 - ASIENTO SECUNDARIO DE MATERIA - TERMINO TEMATICO |
| Término de materia o nombre geográfico como elemento de entrada |
Estudiantes |
| 9 (RLIN) |
13250 |
| 650 #4 - ASIENTO SECUNDARIO DE MATERIA - TERMINO TEMATICO |
| Término de materia o nombre geográfico como elemento de entrada |
Educación a distancia |
| 9 (RLIN) |
7924 |
| 653 ## - TERMINO DE INDIZACION - NO CONTROLADO |
| Término no controlado |
Autoconcepto |
| 653 ## - TERMINO DE INDIZACION - NO CONTROLADO |
| Término no controlado |
Ajuste escolar |
| 653 ## - TERMINO DE INDIZACION - NO CONTROLADO |
| Término no controlado |
Cansancio emocional |
| 773 ## - ENLACE AL DOCUMENTO FUENTE/ENTRADA DE REGISTRO ANFITRIÓN |
| Parte(s) relacionada(s) |
Vol. 17, no. 1 (2023), p. 1-17 |
| Título |
Ciencias psicológicas |
| Número Internacional Normalizado para Publicaciones Seriadas |
1688-4221 |
| 856 4# - LOCALIZACIÓN Y ACCESO ELECTRÓNICOS |
| Identificador Uniforme del Recurso |
<a href="https://revistas.ucu.edu.uy/index.php/cienciaspsicologicas/article/view/2912/2800">https://revistas.ucu.edu.uy/index.php/cienciaspsicologicas/article/view/2912/2800</a> |
| 856 4# - LOCALIZACIÓN Y ACCESO ELECTRÓNICOS |
| Identificador Uniforme del Recurso |
<a href="https://doi.org/10.22235/cp.v17i1.2912">https://doi.org/10.22235/cp.v17i1.2912</a> |
| 902 ## - ELEMENTOS DE DATOS B LOCAL, LDB (RLIN) |
| Creó |
Gloria Jiménez/071123 |
| 942 ## - ELEMENTOS DE PUNTO DE ACCESO ADICIONAL (KOHA) |
| Tipo de ítem Koha |
Artículo Electrónico |